|
|
|
|
| LEADER |
02338nam a2200625 i 4500 |
| 001 |
nkc20223466524 |
| 003 |
CZ PrNK |
| 005 |
20230104095112.0 |
| 007 |
ta |
| 008 |
221026s2022 xr f 001 0 cze |
| 015 |
|
|
|a cnb003466524
|
| 020 |
|
|
|a 978-80-246-5180-4
|q (brožováno)
|
| 035 |
|
|
|a (OCoLC)1357140744
|
| 040 |
|
|
|a BOA001
|b cze
|e rda
|
| 041 |
1 |
|
|a cze
|h eng
|
| 072 |
|
7 |
|a 316.3
|x Globální společnosti. Sociální struktura. Sociální skupiny
|2 Konspekt
|9 18
|
| 080 |
|
|
|a 172.1
|2 MRF
|
| 080 |
|
|
|a 316.323
|2 MRF
|
| 080 |
|
|
|a 17
|2 MRF
|
| 080 |
|
|
|a 331.101.6
|2 MRF
|
| 080 |
|
|
|a 364.614
|2 MRF
|
| 080 |
|
|
|a 321.7+342.34
|2 MRF
|
| 080 |
|
|
|a (048.8)
|2 MRF
|
| 100 |
1 |
|
|a Sandel, Michael J.,
|d 1953-
|7 jn20020721229
|4 aut
|
| 240 |
1 |
0 |
|a Tyranny of merit.
|l Česky
|
| 245 |
1 |
0 |
|a Tyranie zásluh :
|b kam se podělo obecné dobro? /
|c Michael J. Sandel ; z anglického originálu The tyranny of merit ... přeložila Petra Nagyová
|
| 250 |
|
|
|a První české vydání
|
| 264 |
|
1 |
|a Praha :
|b Univerzita Karlova, nakladatelství Karolinum,
|c 2022
|
| 300 |
|
|
|a 292 stran ;
|c 21 cm
|
| 336 |
|
|
|a text
|b txt
|2 rdacontent
|
| 337 |
|
|
|a bez média
|b n
|2 rdamedia
|
| 338 |
|
|
|a svazek
|b nc
|2 rdacarrier
|
| 490 |
1 |
|
|a Politeia
|
| 504 |
|
|
|a Obsahuje bibliografické odkazy a rejstřík
|
| 650 |
0 |
7 |
|a veřejné blaho
|7 ph1155238
|2 czenas
|
| 650 |
0 |
7 |
|a meritokracie
|7 ph1154425
|x etické a morální aspekty
|2 czenas
|
| 650 |
0 |
7 |
|a pracovní výkon
|7 ph234813
|2 czenas
|
| 650 |
0 |
7 |
|a polarizace (sociologie)
|7 ph729694
|2 czenas
|
| 650 |
0 |
7 |
|a sociální nerovnost
|7 ph125796
|2 czenas
|
| 650 |
0 |
9 |
|a common good
|2 eczenas
|
| 650 |
0 |
9 |
|a meritocracy
|x ethical and moral aspects
|2 eczenas
|
| 650 |
0 |
9 |
|a work performance
|2 eczenas
|
| 650 |
0 |
9 |
|a polarization (sociology)
|2 eczenas
|
| 650 |
0 |
9 |
|a social inequality
|2 eczenas
|
| 655 |
|
7 |
|a monografie
|7 fd132842
|2 czenas
|
| 655 |
|
9 |
|a monographs
|2 eczenas
|
| 700 |
1 |
|
|a Nagyová, Petra,
|d 1978-
|7 hka20191046594
|4 trl
|
| 830 |
|
0 |
|a Politeia (Karolinum)
|0 s
|
| 910 |
2 |
|
|a BOA001
|b 2-1498.258
|
| 928 |
9 |
|
|a Karolinum
|
| 990 |
|
|
|a BK
|
| 995 |
|
|
|a 01
|
| 991 |
|
|
|b 202212
|c NOV
|
| 996 |
6 |
|
|b 2610922390
|c 2-1498.258
|l MZK
|r Sklad / do 1 hodiny
|n 0
|p p.v.
|w 001906842
|u 000010
|a 1
|e BOA001
|j MZK50
|s P
|
| 996 |
7 |
|
|b 2610925118
|c 2-1498.258
|l Vol.výběr
|r VV 0p
|n 9
|p kup
|h 17 SAN
|w 001906842
|u 000020
|a 0
|e BOA001
|j MZK50
|s A
|